| 000 | 00692nam a2200217 i 4500 | ||
|---|---|---|---|
| 001 | 133621 | ||
| 003 | ES-MaACL | ||
| 005 | 20230906194455.0 | ||
| 007 | t| | ||
| 008 | 150310s1973 fr ||||1| fre d | ||
| 080 | _a944"1214" | ||
| 100 | 0 |
_aDuby, Georges. _945797 |
|
| 245 | 1 | 3 |
_aLe dimanche de Bouvines _b: 27 juillet 1214 / _cGeorges Duby. |
| 260 |
_aParis : _bGallimard, _c[1973] |
||
| 300 |
_a302 p. : _bil. ; _c21 cm. |
||
| 490 | 1 |
_aTrente journées qui ont fait la France ; _v5 |
|
| 650 | 4 |
_aBouvines, Batalla de, 1214. _9156513 |
|
| 830 | 0 |
_aTrente journées qui ont fait la France ; _v5 _9182109 |
|
| 852 |
_aES-MaACL _jE-15455 _z.- Ded. ms. del autor |
||
| 999 |
_c133621 _d133621 |
||